000 00772nam a2200241 a 4500
005 19820422000000.0
008 820422s1980 ii bcfj 000 0 eng
010 _aENG-92333
020 _c495.00
_a9788190384407
035 _aEN-75866
037 _bDBAD / PUB
040 _adpl
_bEnglish
082 _a153
100 _aWilliam, Xavier
245 _aA win-win outlook :
_cby Xavier William
_bA handbook of everyday life
250 _a2nd ed
260 _bWin-Win Books
_c2007
300 _a655p.
_c21cm (pbk)
650 _aThought and thinking.
650 _aLogic.
942 _2ddc
_cEN
_mWIL
_h153
999 _c20427
_d20427